Loading...
Abstract algebra
| Main Author: | |
|---|---|
| Format: | Printed Book |
| Published: |
Newdelhi
cbs
1994
|
| Edition: | 5 |
| Subjects: |
| LEADER | 00460nam a2200157 4500 | ||
|---|---|---|---|
| 020 | |a 9788123926575 | ||
| 082 | |a 512.02 |b HIL/A | ||
| 100 | |a Hillman, Abraham P | ||
| 245 | |a Abstract algebra | ||
| 250 | |a 5 | ||
| 260 | |a Newdelhi |b cbs |c 1994 | ||
| 300 | |a 480p | ||
| 650 | |a abstract algebra | ||
| 942 | |c BK | ||
| 999 | |c 44736 |d 44736 | ||
| 952 | |0 0 |1 0 |4 0 |6 512_020000000000000_HILA |7 0 |8 Stack |9 48699 |a KUCL |b KUCL |c Stack |d 2018-02-17 |l 0 |o 512.02 HIL/A |p 45361 |r 2018-02-17 |w 2018-02-17 |y BK | ||